000 00517nam a22001697a 4500
999 _c10826
_d10826
008 180921b ||||| |||| 00| 0 eng d
020 _a978-1-68094-930-8
082 _22018
_aDC 696.1
_bP731
245 _aPlumbing :
_bintermediate .
250 _aSecond Edition
260 _aNew York :
_b3G E-Learning,
_c©2018.
300 _av, 356 pages;
_bcolor illustrations :
_c30 cm.
500 _aIncludes bibliographical references and index.
650 _aPlumbing.
_931502
365 _b6,450.00
_cPhp.
942 _2ddc
_cDC